000 00826cab a2200289 4500
001 X867
008 090401t1993 xxu||||| |||| 00| 0 eng d
035 _a(Sirsi) u67898
041 _aeng
100 _aLingard, John
245 4 _aThe economics of industrial crops and non-fossil fuels
260 _c1993
350 _a0
490 _aRural Practice Bulletin
_vMay / June 1993, 28-30(3)
520 _aA discussion of the role of alternative crops as a source of energy and non-edible end uses.
650 _aALTERNATIVE SOURCES
650 _aBIODIESEL
650 _aBIOFUELS
650 _aBIOMASS
650 _aCOSTS
650 _aINDUSTRIAL CROPS
650 _aRAPE METHYL ESTER
690 _aENVIRONMENTAL AND LAND CONSULTANCY-ENERGY
690 _aRURAL PRACTICE
942 _n0
948 _c04/03/1997
999 _c42545
_d42545